What's in a Star Wars Name? Quiz Stats

 Plays Quiz Updated Jun 15, 2017

Support Sporcle.
Go Orange.
Score 0/18 Timer 04:00
0 Plays Today
% Correct
Sing
94.3%
Jar
92.7%
Crumb
92.2%
Solo
92.2%
Max
92.2%
Wedge
91.7%
Saw
91.5%
Bib
90.7%
Salacious
89.6%
% Correct
Bail
87.8%
Veers
87.2%
Maul
86.1%
Grievous
82.5%
Wicket
75.4%
Rook
72.4%
Jinn
72.3%
Mace
71%
Dak
51.1%

You're not logged in!

Compare scores with friends on all Sporcle quizzes.
OR
Log In
Forgot?

From the Vault

A-Z Pairs Blitz

by Flick

From beginning to end, this quiz is full of dynamic duos.
Remove Ads.
Support Sporcle.
Get the best of Sporcle when you Go Orange. This ad-free experience offers more features, more stats, and more fun while also helping to support Sporcle. Thank you for becoming a member.

Show Comments

Extras

Top Quizzes Today


Score Distribution

Your Account Isn't Verified!

In order to create a playlist on Sporcle, you need to verify the email address you used during registration. Go to your Sporcle Settings to finish the process.

Report this User

Report this user for behavior that violates our Community Guidelines.

Details: